000 00420nam a2200169Ia 4500
008 230524s9999 xx 000 0 und d
082 _a621.384
_bPAH
100 _aKaveh Pahlavan
245 0 _aPrinciples of Wireless Networks
250 _a1ST
260 _aNEW DELHI
_bPearson
_c2003
300 _a581
500 _aQuantity Number: 2
650 _aElectronics
700 _a Prashant Krishnamurthy
942 _cBK
999 _c21354
_d21354